Every YoungBoy Never Broke Again Song - Billboard Hot 100 - Statistics

General Stats
  • This quiz has been taken 73 times
    31 since last reset
  • The average score is 8 of 49
Answer Stats
# Year Song % Correct
57 2019 Make No Sense
64%
10 2019 Bandit (Juice WRLD)
44%
31 2018 Outside Today
44%
66 2019 Hot Now
36%
50 2020 Kacey Talk
36%
44 2019 Lonely Child
36%
67 2020 All In
32%
28 2020 Lil Top
32%
61 2018 No Smoke
32%
88 2020 Right Foot Creep
32%
50 2019 Self Control
28%
72 2020 Dead Trollz
24%
95 2017 Untouchable
24%
87 2019 Valuable Pain
24%
59 2020 Bad Bad
20%
76 2020 Cross Roads
16%
44 2020 Drug Addiction
16%
69 2018 I Am Who They Say I Am ft. Kevin Gates & Quando Rondo
16%
73 2019 In Control
16%
35 2020 My Window ft. Lil Wayne
16%
42 2018 Overdose
16%
47 2020 Red Eye
16%
67 2019 Dirty Iyanna
12%
98 2020 Dirty Stick
12%
62 2020 Need It (Migos)
12%
98 2018 Preach
12%
79 2019 RIch As Hell
12%
81 2020 The Last Backyard...
12%
79 2019 Time I'm On
12%
83 2020 Ain't Easy
8%
89 2020 Bat Man
8%
62 2019 Carter Son
8%
86 2020 Diamonds
8%
58 2020 Fine By Time
8%
60 2020 Knocked Off
8%
80 2020 RIP Lil Phat
8%
76 2020 Tragic (The Kid LAROI) ft. Internet Money
8%
90 2020 Bout My Business ft. Sherhonda Gaulden
4%
59 2018 Diamond Teeth Samurai
4%
17 2020 JUMP (DaBaby)
4%
85 2020 Long RD
4%
63 2018 NBAYoungboat (Lil Yachty)
4%
94 2020 One Shot ft. Lil Baby
4%
92 2020 Rough Ryder
4%
99 2020 Thug Of Spades ft. DaBaby
4%
35 2020 What That Speed Bout!? (Mike WiLL Made-It & Nicki Minaj)
4%
86 2017 Beast Mode (A Boogie Wit da Hoodie) ft. PnB Rock
0%
84 2019 Hate Me (Trippie Redd)
0%
34 2020 Trillionaire (Future)
0%
No matching quizzes found
Score Distribution
Percent of People with Each Score
Percentile by Number Answered
Your Score History
You have not taken this quiz since the last reset